| 000 | 00500nam a2200157 a 4500 | ||
|---|---|---|---|
| 001 | 000044865 | ||
| 005 | 20201002045705.0 | ||
| 008 | 100322s1981 dr ac 000 0 spa d | ||
| 040 |
_aDO-SdBNP _bspa _cBNPHU |
||
| 082 |
_axxx _bxxx |
||
| 110 | 2 |
_aClub deportivo y cultural Payero _972876 |
|
| 245 | 1 | 0 |
_aClub Payero en su XVI aniversario : _bDesaparecerá el beisbol doble A del distrito? /. |
| 260 |
_aSanto Domingo : _bNivar, _c[1981]. |
||
| 300 |
_a43 p. ; _c28 cm. |
||
| 590 | _aInventariado, 2018/ YL | ||
| 999 |
_c44354 _d44354 |
||